| 000 | 00560nam a2200217Ia 4500 | ||
|---|---|---|---|
| 003 | OSt | ||
| 005 | 20230418111629.0 | ||
| 008 | 210423s1990 xx 000 0 und d | ||
| 020 | _a716719738 | ||
| 040 | _cAL | ||
| 041 | _aeng | ||
| 082 |
_a616.8 KOLB _223 |
||
| 100 |
_aKOLB (Bryan);WHISHAW (Ian Q). _989835 |
||
| 245 | _aFundamentals of human neuropsychology. | ||
| 250 | _a3 | ||
| 260 |
_aNew York _bW H Freeman & Co _c1990 |
||
| 300 |
_axii,910 _bPB |
||
| 365 |
_b1295 _cINR |
||
| 906 | _aFundamentals ; human ; neuropsychology. | ||
| 942 |
_2ddc _cBK |
||
| 999 |
_c159496 _d159496 |
||